|
|
|
|
| LEADER |
00000nam a2200000 a 4500 |
| 001 |
vtls008390117 |
| 003 |
SK-MaSNL |
| 005 |
20260301021019.0 |
| 008 |
181109s1953 xo slo |
| 015 |
|
|
|a SKSNBA19451955-009001
|
| 035 |
|
|
|a SK01SNKBKSFS20010082334
|
| 035 |
|
|
|a SKM000084797
|
| 040 |
|
|
|a SNK
|b slo
|c SNK
|e AACR2
|
| 041 |
0 |
|
|a slo
|
| 044 |
|
|
|a xo
|c SK
|
| 080 |
|
|
|a 634
|2 1981
|
| 245 |
1 |
0 |
|a Pestovanie jahôd
|
| 260 |
|
|
|a Bratislava
|b Štátne pôdohospodárske nakladateľstvo
|c 1953
|e Bratislava
|f [s.n.] merkant. tlač.
|
| 300 |
|
|
|a 23, [1] s.
|c 8°
|
| 650 |
0 |
7 |
|a jahody
|x pestovanie
|2 SNK
|9 309279
|
| 655 |
|
7 |
|a príručky
|2 SNKPH
|9 74364
|
| 958 |
|
|
|a OND
|
| 958 |
|
|
|a RK
|
| 958 |
|
|
|a TL
|
| 999 |
|
|
|c 564366
|d 566296
|
| 952 |
|
|
|a SNK
|b SNK
|y VYP
|7 0
|p 17A0552911
|o snkSD 43689 D1
|i snk2007/15653
|8 3
|g 0.66
|0 0
|1 0
|4 0
|d 2007-06-20
|l 0
|r 2026-02-23 13:53:21
|w 2026-02-23
|
| 952 |
|
|
|a SNK
|b SNK
|y PREZ
|7 0
|p 17A0957870
|o snkSD 43689
|0 0
|1 0
|4 0
|d 2013-08-15
|l 0
|r 2026-02-23 13:53:21
|w 2026-02-23
|